logo

Bir Sreshtho Munshi Abdur Rouf Library
Jhenaidah Cadet College

A dictionary of American history / (Record no. 8194)

MARC details
000 -LEADER
fixed length control field 00716cam a2200253 a 4500
001 - CONTROL NUMBER
JCCL Control Number 8194
003 - CONTROL NUMBER IDENTIFIER
JCCL marc code BD-JhCC
005 - DATE AND TIME OF LATEST TRANSACTION
control field 20180219113535.0
008 - FIXED-LENGTH DATA ELEMENTS--GENERAL INFORMATION
fixed length control field 950210s1995 mau d 000 0deng
020 ## - INTERNATIONAL STANDARD BOOK NUMBER
International Standard Book Number 1557863989 (acidfree paper)
035 ## - SYSTEM CONTROL NUMBER
system control number (BD-JhCC)8194
040 ## - CATALOGING SOURCE
Original cataloging agency DLC
Transcribing agency DLC
Modifying agency DLC
-- BD-JhCC
041 ## - LANGUAGE CODE
Language code of Book eng
050 00 - LIBRARY OF CONGRESS CALL NUMBER
Classification number E174
Item number .P87 1995
082 00 - DEWEY DECIMAL CLASSIFICATION NUMBER
Classification number 973/.03
DDC Edition number 20
Author mark and Year PUR 1995
100 1# - MAIN ENTRY--PERSONAL NAME
Personal name Purvis, Thomas L.,
Dates associated with a name 1949-
245 12 - TITLE STATEMENT
Title A dictionary of American history /
Statement of responsibility, etc Thomas L. Purvis.
260 ## - PUBLICATION, DISTRIBUTION, ETC. (IMPRINT)
Place of publication, distribution, etc Cambridge, Mass. :
Name of publisher, distributor, etc Blackwell,
Date of publication, distribution, etc 1995.
300 ## - PHYSICAL DESCRIPTION
Pagination viii, 454 p. ;
Dimensions 24 cm.
490 0# - SERIES STATEMENT
Series statement Blackwell reference
651 #0 - SUBJECT ADDED ENTRY--GEOGRAPHIC NAME
Geographic name United States
General subdivision History
-- Dictionaries.
942 ## - ADDED ENTRY ELEMENTS (KOHA)
Source of classification or shelving scheme Dewey Decimal Classification
Koha item type Books
Holdings
Source of classification or shelving scheme Damaged status Not for loan Home library Current library Shelving location Total Checkouts Full call number Barcode Date last seen Copy number Koha item type
Dewey Decimal Classification     JCC Rouf Library JCC Rouf Library General Stacks   973/.03 PUR 1995 5650 02/19/2018 C - 1 Books

JCC Library | Contacts | JCC Home

Last Update on 23 September 2017
Copyright @ 2017-2020 JCC Rouf Library
Rouf Library, Jhenidah Cadet College (JCC), Bangladesh